000 00459nam a2200193Ia 4500
008 240510s9999 xx 000 0 und d
020 _a9878120305168
041 _aEng
082 _a005.43
082 _bB11
100 _aBACH,Maurice J.
245 4 _aTHE DESIGN OF THE UNIX OPERATING SYSTEM
260 _bNew Delhi : Prentics Hall of India
260 _c1986
300 _a471 p.
650 _aOperating Systems
942 _2ddc
942 _cRBK
999 _c28419
_d28419
945 _a1
_bMadushi Gamage
_c1
_dMadushi Gamage